00939nam a2200289 k 4500001001300000005001500013008004100028020003300069020002600102040001900128049001700147056001100164090001800175100001400193245013400207250001400341260003000355300003700385440002600422500007100448521001400519653003300533700001400566700001400580740004500594950001000639KMO20150255520260625103456151123s2014 ulka j 000a kor a9788930267939g73400:c\90001 a9788930268806(세트) a146043c1460430 lJU0000010611 a40425 a404b김92알1 a김해보10a알고 보니 내 생활이 다 과학!:b생활 속 구석구석 과학 이야기/d김해보;e정원선 글;e이창우 그림 a개정판 a서울:b예림당,c2014 a184 p.:b천연색삽화;c24 cm00a아는 것이 힘;v3 a이 책은 '생활 속에 가득한 원리 과학'의 개정판임 a아동용 a생활a과학a원리과학1 a정원선1 a이창우 2a생활 속 구석구석 과학 이야기0 b\9000 |
|---|